[Event "EU-ch Schools U11"]
[Site "Tornelo INT"]
[Date "2021.12.04"]
[Round "4"]
[White "Lavrishchev, Matvei"]
[Black "Gogiashvili, Demetre"]
[Result "0-1"]
[WhiteElo "1324"]
[BlackElo "1087"]
[PlyCount "94"]
[EventDate "2021.12.03"]
[EventType "swiss (rapid)"]
[EventRounds "7"]
[EventCountry "NET"]
[SourceTitle "EXT 2023"]
[Source "ChessBase"]
[SourceDate "2022.10.05"]
[SourceVersion "1"]
[SourceVersionDate "2022.10.05"]
[SourceQuality "1"]

1. e4 c5 2. Nc3 Nc6 3. f4 d6 4. Nf3 g6 5. Bb5 Bd7 6. d3 Bg7 7. 0-0 e6 8. Bxc6 Bxc6 9. Qe2 Ne7 10. Kh1 0-0 11. Be3 d5 12. exd5 Nxd5 13. Nxd5 Qxd5 14. c3 Rad8 15. d4 cxd4 16. Bxd4 Bb5 17. Qe3 Bxf1 18. Rxf1 Qxa2 19. Bxg7 Kxg7 20. Qe5+ Kg8 21. Qf6 Qxb2 22. Ng5 Qb5 23. Rg1 Qf5 24. Qxf5 exf5 25. h3 Rd3 26. Rb1 b6 27. Ra1 a5 28. Rb1 Rb8 29. Nf3 Rxc3 30. Ne5 b5 31. Nd7 Rb7 32. Ne5 a4 33. Ra1 a3 34. Nf3 b4 35. Nd4 b3 36. Rxa3 b2 37. Rxc3 b1Q+ 38. Kh2 Qe4 39. Rc8+ Kg7 40. Nf3 Qxf4+ 41. Kg1 Qg3 42. Rc1 Rb2 43. Nh4 Qe3+ 44. Kh2 Qf4+ 45. Kg1 Qxc1+ 46. Kh2 Qf4+ 47. Kg1 Rb1# 0-1

[Event "Hersonissos Online op"]
[Site "Chess.com INT"]
[Date "2020.06.10"]
[Round "6"]
[White "Lavrishchev, Matvei"]
[Black "Aggarwal, Vansh"]
[Result "0-1"]
[WhiteElo "1230"]
[BlackElo "1922"]
[PlyCount "20"]
[EventDate "2020.06.05"]
[EventType "swiss"]
[EventRounds "9"]
[EventCountry "GRE"]
[SourceTitle "EXT 2021"]
[Source "ChessBase"]
[SourceDate "2020.10.23"]
[SourceVersion "1"]
[SourceVersionDate "2020.10.23"]
[SourceQuality "1"]

1. e4 e5 2. Nf3 Nc6 3. d4 exd4 4. Bc4 Nf6 5. e5 d5 6. Bb5 Ne4 7. Nxd4 Bc5 8. Bxc6+ bxc6 9. 0-0 0-0 10. f3 Ng5 0-1

[Event "Lympia Cyprus-ch op"]
[Site "Lympia"]
[Date "2020.02.02"]
[Round "9"]
[White "Lavrishchev, Matvei"]
[Black "Antoniou, Rafail"]
[Result "0-1"]
[WhiteElo "1160"]
[BlackElo "1510"]
[PlyCount "108"]
[EventDate "2020.01.05"]
[EventType "swiss"]
[EventRounds "9"]
[EventCountry "CYP"]
[SourceTitle "CBM 194 Extra"]
[Source "ChessBase"]
[SourceDate "2020.03.31"]
[SourceVersion "1"]
[SourceVersionDate "2020.03.31"]
[SourceQuality "1"]

1. e4 c5 2. Nf3 e6 3. d4 cxd4 4. Nxd4 Nf6 5. Bd3 Nc6 6. Nxc6 bxc6 7. e5 Qa5+ 8. Nc3 Qxe5+ 9. Qe2 Qxe2+ 10. Kxe2 d5 11. Re1 h6 12. Bf4 Nh5 13. Be3 Bd6 14. Na4 Nf4+ 15. Bxf4 Bxf4 16. c4 Bd6 17. cxd5 cxd5 18. Nc3 Bd7 19. Kd2 0-0 20. Nb5 Bxb5 21. Bxb5 Bb4+ 22. Kc2 Bxe1 23. Rxe1 Rab8 24. a4 Rfc8+ 25. Kd3 Rc7 26. b4 Rbc8 27. Kd4 Kf8 28. a5 Rb8 29. Bf1 Rxb4+ 30. Ke3 Ke7 31. a6 Kd6 32. Ra1 e5 33. Ra3 f5 34. f3 d4+ 35. Kd3 Rbc4 36. Be2 Rc3+ 37. Rxc3 dxc3 38. Kc2 Kd5 39. g4 fxg4 40. fxg4 e4 41. Bf1 Rf7 42. Bb5 Kd4 43. h4 Rf2+ 44. Kc1 e3 45. g5 e2 46. Bxe2 Rxe2 47. gxh6 gxh6 48. h5 Kd3 49. Kb1 c2+ 50. Kc1 Re1+ 51. Kb2 c1Q+ 52. Ka2 Qc2+ 53. Ka3 Ra1+ 54. Kb4 Qc4# 0-1

[Event "Lympia Cyprus-ch op"]
[Site "Lympia"]
[Date "2020.01.19"]
[Round "5"]
[White "Lavrishchev, Matvei"]
[Black "Biolkini, Alexandr"]
[Result "1/2-1/2"]
[WhiteElo "1160"]
[BlackElo "1134"]
[PlyCount "103"]
[EventDate "2020.01.05"]
[EventType "swiss"]
[EventRounds "9"]
[EventCountry "CYP"]
[SourceTitle "CBM 194 Extra"]
[Source "ChessBase"]
[SourceDate "2020.03.31"]
[SourceVersion "1"]
[SourceVersionDate "2020.03.31"]
[SourceQuality "1"]

1. e4 e5 2. Nf3 Nc6 3. d4 exd4 4. Bc4 Bb4+ 5. c3 dxc3 6. bxc3 Bc5 7. Bxf7+ Kxf7 8. Qd5+ Kf8 9. Qxc5+ Qe7 10. Qe3 Nf6 11. Nbd2 h6 12. 0-0 g5 13. Nd4 Nxd4 14. cxd4 Kg7 15. Bb2 Kg6 16. Qd3 Kg7 17. f4 Rf8 18. fxg5 hxg5 19. d5 d6 20. Rxf6 Rxf6 21. Rf1 Bf5 22. Rxf5 Raf8 23. Qf3 Kg6 24. Rxf6+ Rxf6 25. Qxf6+ Qxf6 26. Bxf6 Kxf6 27. Kf2 c6 28. dxc6 bxc6 29. Ke3 Ke6 30. h3 d5 31. exd5+ cxd5 32. Nf3 Kd6 33. Kd4 Kc6 34. Nxg5 Kb5 35. h4 a5 36. h5 Kb4 37. h6 a4 38. h7 Ka3 39. h8Q Kxa2 40. Kxd5 a3 41. Qa8 Kb2 42. Ne4 a2 43. g4 a1Q 44. Qxa1+ Kxa1 45. g5 Ka2 46. g6 Kb3 47. g7 Kb4 48. g8Q Ka5 49. Qb8 Ka4 50. Nc5+ Ka5 51. Nb3+ Ka6 52. Ke5 1/2-1/2